Creating A World Class Organization (Record no. 85533)

MARC details
000 -LEADER
fixed length control field 00595nam a2200205Ia 4500
008 - FIXED-LENGTH DATA ELEMENTS--GENERAL INFORMATION
fixed length control field 230125s9999 xx 000 0 und d
020 ## - INTERNATIONAL STANDARD BOOK NUMBER
International Standard Book Number 81-7554-088-5
041 ## - LANGUAGE CODE
Language code of text/sound track or separate title eng
082 ## - DEWEY DECIMAL CLASSIFICATION NUMBER
Classification number 658.802
Item number PRE
100 ## - MAIN ENTRY--PERSONAL NAME
Personal name Prescott B D
9 (RLIN) 108770
245 ## - TITLE STATEMENT
Title Creating A World Class Organization
260 ## - PUBLICATION, DISTRIBUTION, ETC. (IMPRINT)
Date of publication, distribution, etc. 1999
Name of publisher, distributor, etc. Kogan Page
Place of publication, distribution, etc. New Delhi
300 ## - PHYSICAL DESCRIPTION
Extent 150p
440 ## - SERIES STATEMENT/ADDED ENTRY--TITLE
Title Professional Paperbacks
9 (RLIN) 108771
500 ## - GENERAL NOTE
Keywords Business;Series Book;Professional Paperback Series Book
500 ## - GENERAL NOTE
Keywords Organizational development
650 ## - SUBJECT ADDED ENTRY--TOPICAL TERM
Topical term or geographic name as entry element Management
700 ## - ADDED ENTRY--PERSONAL NAME
Personal name Prescott B D
9 (RLIN) 108770
Holdings
Withdrawn status Lost status Damaged status Not for loan Home library Current library Date acquired Vendor Cost, normal purchase price Total Checkouts Full call number Barcode Date last seen Cost, replacement price Bill Date Koha item type Original Barcode
        Smt. Hiraben Nanavati Institute of Management & Research for Women Smt. Hiraben Nanavati Institute of Management & Research for Women 19/03/1999 Varma Book Distributor 175.00   658.802 PRE B01516 HIMR-BK-1516 25/01/2023 175.00 19/03/1999 Books B01516